| 000 | 01005cam a22002651a 4500 | ||
|---|---|---|---|
| 001 | 7764213 | ||
| 003 | ARRUPE | ||
| 005 | 20140320112516.0 | ||
| 008 | 821119s1912 enkbf 001 0aeng | ||
| 010 | _a 13000051 | ||
| 035 | _a(OCoLC)8972008 | ||
| 040 |
_aDLC _cMeLB _dMeLB _dDLC |
||
| 042 | _apremarc | ||
| 043 |
_af-za--- _afc----- |
||
| 050 | 0 | 0 |
_aDT963.2 _b.M68 1912 |
| 100 | 1 |
_aMoubray, J. M. _q(John M.). _99184 |
|
| 245 | 1 | 0 |
_aIn South Central Africa : _bbeing an account of some of the experiences and journeys of the author duing a stay of six years in that country / _cby J. M. Moubray ; with map and photographs by the author. |
| 260 |
_aLondon : _bConstable, _c1912. |
||
| 300 |
_axvi, 197 p., [28] leaves of plates (some folded) : _bmap, plates ; _c23 cm. |
||
| 500 | _aIncludes index. | ||
| 651 | 0 |
_aZambia _xDescription and travel. _99185 |
|
| 651 | 0 |
_aAfrica, Central _xDescription and travel. _99186 |
|
| 906 |
_a7 _bcbc _coclcrpl _du _encip _f19 _gy-gencatlg |
||
| 942 |
_2lcc _cMONOGRAPH |
||
| 999 |
_c120230 _d120230 |
||